000 00384nam a22001577a 4500
003 SGT
020 _a9789389688627
082 _a615.321
_bP21K
100 _aKALIA, A.N
245 _aTEXT BOOK OF PHARMACOGONOSY AND PHOTOCHEMISTRY
260 _aNEW DLHI
_bCBS PUBLISHER
_c2021
300 _a216
650 _aPHARMACY
653 _aPHARMACOGONOSY , PHOTOCHEMISTRY
942 _2ddc
_cBK
999 _c32095
_d32095